| 000 | 00867cam a2200253 4500 | ||
|---|---|---|---|
| 008 | 090401t1994 xxu||||| |||| 00| 0 eng d | ||
| 020 | _a0566074516 | ||
| 035 | _a(Sirsi) u18900 | ||
| 041 | _aeng | ||
| 050 | _a658.562 | ||
| 245 | _aGower handbook of quality management. | ||
| 250 | _a2nd ed. | ||
| 260 |
_aAldershot, Hants. _bGower Publishing _c1994 |
||
| 300 | _axxxi,790p. ; 24cm. | ||
| 350 | _a60 | ||
| 520 | _aA comprehensive review of the subject with chapters written by experts on a wide cariety of topics, including costs and benefits, legislation and standards, organization and administration. | ||
| 650 | _aQUALITY ASSURANCE | ||
| 650 | _aQUALITY MANAGEMENT | ||
| 650 | _aTOTAL QUALITY MANAGEMENT | ||
| 690 | _aMANAGEMENT-BUSINESS MANAGEMENT-PROFESSIONAL PRACTICE | ||
| 700 |
_aLock, Dennis _xEditor |
||
| 942 | _n0 | ||
| 948 | _c04/03/1997 | ||
| 999 |
_c87632 _d87632 |
||